01271nab a22002537a 4500999001500000003000400015005001700019008004100036040000700077100004100084245014500125260007300270300001300343500007300356505017600429505008900605650003500694650003400729650004500763650002500808650003100833773014000864942001301004 c6332d6332OSt20260130210141.0190603e xxum|||| |||| 00| 0 spa d cPJ 97001aDurand Mendióroz, José E. 10aSobre los alcances de los términos "mujer" y "sexo" :buna sentencia en línea con la tradición inglesa /cJosé E. Durand Mendioroz.  cCiudad Autónoma de Buenos Aires :aThomson Reuters La Ley, b2025. ap. 69-84 aCita: TR LALEY AR/DOC/2246/2025 Publicado en: RCCyC 2025 (Octubre). aSumario: I. Prolegómenos.— II. Los fundamentos del fallo.— III. Situaciones que dependen de la interpretación de "sexo" y "mujer".— IV. Consideraciones finales.  t¿Te interesa el texto completo? Solicitalo al correo: koha@justierradelfuego.gov.ar 091497aCODIGO CIVIL Y COMERCIAL 094044aPERSPECTIVA DE GÉNERO 094305aDERECHO A LA IDENTIDAD DE GÉNERO 091576aDISCRIMINACION 091237aIGUALDAD ANTE LA LEY0 0271393170dCiudad Autónoma de Buenos Aires : Thomson Reuters La Ley, 2015-tRevista Código Civil y Comercial. Nº 5 - Octubre 2025 2udccANA